Estatutos (R. O. 6 de agosto de 1926) / Mutua General de Seguros
Descripción Física:
17 p. ; 21 cm
MARC
| LEADER | 00000nam a2200000Ia 4500 | ||
|---|---|---|---|
| 001 | 23533 | ||
| 008 | 160829s1926 xx 000 0 cat d | ||
| 080 | |a RF-16-80 | ||
| 110 | 2 | |a Mutua General de Seguros (Barcelona) |9 53584 | |
| 245 | |a Estatutos (R. O. 6 de agosto de 1926) / Mutua General de Seguros | ||
| 260 | |a Barcelona : |b Gráficas Cost, |c 1926 | ||
| 300 | |a 17 p. ; |c 21 cm | ||
| 590 | |a A la portada: Fundada en 1907. | ||
| 590 | |a Núm. de full registral: 4668. | ||
| 610 | 2 | 0 | |a Mutua General de Seguros (Barcelona) |9 53584 |
| 610 | 2 | 0 | |a Mutua General de Seguros (Barcelona) |x Estatuts |9 55571 |
| 650 | 0 | |9 55572 |a Mutualitats |z Catalunya |x Estatuts | |
| 856 | 4 | |u https://media.diba.cat/diba/fitxers/arxiu/fulletons/bib_23533_1926_baixa.pdf |y Accés lliure | |
| 856 | 4 | |u https://media.diba.cat/diba/fitxers/arxiu/fulletons/bib_23533_1926_baixa.pdf |y Accés lliure | |
| 900 | |a bib_23533_1926_baixa.pdf | ||
| 901 | |a Arxiu | ||
| 942 | |n 1 |2 udc | ||
| 952 | |0 0 |1 0 |4 0 |6 RF1680 |7 1 |9 54978 |a Arxiu |b Arxiu |d 2012-08-07 |l 0 |o RF-16-80 |p 23533 |r 2016-12-01 00:00:00 |w 2016-12-01 |y ARXIU | ||
| 999 | |c 58848 |d 58848 | ||